|
|
|
|
| LEADER |
01144nam a2200337 a 4500 |
| 001 |
EBC420101 |
| 003 |
MiAaPQ |
| 005 |
20200520144314.0 |
| 006 |
m o d | |
| 007 |
cr cn||||||||| |
| 008 |
091008s2008 ne sb 000 0 dut d |
| 020 |
|
|
|z 9789056295127
|
| 020 |
|
|
|z 9789048508549
|
| 035 |
|
|
|a (MiAaPQ)EBC420101
|
| 035 |
|
|
|a (Au-PeEL)EBL420101
|
| 035 |
|
|
|a (CaPaEBR)ebr10302420
|
| 035 |
|
|
|a (CaONFJC)MIL199109
|
| 035 |
|
|
|a (OCoLC)476251570
|
| 040 |
|
|
|a MiAaPQ
|c MiAaPQ
|d MiAaPQ
|
| 050 |
|
4 |
|a RK51
|b .V47 2008
|
| 100 |
1 |
|
|a Verrips, Erik.
|
| 245 |
1 |
0 |
|a Think Bigger
|h [electronic resource] /
|c Erik Verrips.
|
| 260 |
|
|
|a Amsterdam :
|b Vossiuspers UvA,
|c c2008.
|
| 300 |
|
|
|a 20 p.
|
| 500 |
|
|
|a Faculteit Der Tandheelkunde.
|
| 504 |
|
|
|a Includes bibliographical references.
|
| 533 |
|
|
|a Electronic reproduction. Ann Arbor, MI : ProQuest, 2015. Available via World Wide Web. Access may be limited to ProQuest affiliated libraries.
|
| 650 |
|
0 |
|a Dentistry.
|
| 655 |
|
4 |
|a Electronic books.
|
| 710 |
2 |
|
|a ProQuest (Firm)
|
| 856 |
4 |
0 |
|u https://ebookcentral.proquest.com/lib/matrademy/detail.action?docID=420101
|z Click to View
|